| 000 | 00675nam a2200193Ia 4500 | ||
|---|---|---|---|
| 005 | 20251020182529.0 | ||
| 008 | 200515s9999 xx 000 0 und d | ||
| 082 | _a696.2/Q7 | ||
| 100 | _aQUINTEIRO GONZALES, José María | ||
| 245 | 0 | _aDomótica : Sistemas de control para viviendas y edificios | |
| 260 | _aMadrid | ||
| 260 | _c1999 | ||
| 500 | _a1 ejemplar | ||
| 520 | _aSe hace una introducción a la domótica, explicando tendencias actuales, así como los avances obtenidos y las consideraciones principales a la hora de diseñar un sistemas de estas características | ||
| 650 | _aDOMOTICA | ||
| 650 | _aEDIFICIOS INTELIGENTES | ||
| 650 | _aLIB | ||
| 942 | _cLIB | ||
| 999 |
_c2015 _d2015 |
||